ZGADNIJ ZAWODNIKA NBA - Statystyki

Ogólne statystyki
  • Ten quiz został rozwiązany 742 razy
  • Średni wynik to 6 z 15
Statystyki odpowiedzi
OPIS ZAWODNIK % Poprawnych
W swoim pożegnalnym meczu zdobył 60 punktów. Kobe Bryant
74%
Bez niego Michael Jordan nie był by najlepszym koszykarzem w historii. Scottie Pippen
64%
Jego brat jest legendą NBA, 2-krotnym MVP i 4-krotnym mistrzem. Seth Curry
61%
Najmłodszy MVP w historii ligi. Derrick Rose
57%
Posiada najwięcej zdobytych punktów whistorii NBA (nie licząc playoff) Kareem Abdul-Jabbar
54%
Zawodnik z największą ilością triple-doublew historii NBA. Russell Westbrook
52%
Miał zaledwie 20 lat gdy zdobył 70 punktóww jednym meczu. Devin Booker
46%
Pierwszy polak w NBA. Cezary Trybański
44%
Zawodnik który 2-krotnie wygrał ligę orazcharakteryzuje się specyficznym śmiechem. Kawhi Leonard
42%
Najstarszy zawodnik który zdobył nagrodę MVP (36 lat) Karl Malone
33%
Był największym wrogiem Michaela Jordana. Isiah Thomas
24%
Wystąpił w produkcji netflixa pod tytułem"Hustle" grał tam Bo Cruza. Juan Hernangomez
18%
Nigdy nie wygrał ligi oraz nie zdobył MVP,mimo to został uhonorowany w top75 w historii NBA. Damian Lillard
17%
Rozgrywający Orlando Magic, jego tatakomentuje mecze NBA. Cole Anthony
14%
Najmłodszy gracz w historii z triple-double. Lamelo Ball
14%
Nie znaleziono quizów pasujących do podanych kryteriów
Rozkład punktacji
Procent ludzi z każdym wynikiem
Percentyl według liczby udzielonych odpowiedzi
Twoja historia wyników
Nie rozwiązałeś tego quizu